| 000 | 01122nam a22003137a 4500 | ||
|---|---|---|---|
| 003 | CHAP | ||
| 005 | 20220329140608.0 | ||
| 008 | 971013s1986 r 00010 d | ||
| 010 | _a54473 | ||
| 011 | _a55445 | ||
| 035 | _a59597 | ||
| 040 | _cCHAP | ||
| 090 | _aTesis | ||
| 100 | 0 | 0 |
_aSandoval Guerrero, Sergio. _9102133 |
| 245 | _aEfecto de los abonos orgánicos y fertilizantes químicos en el rendimiento de calabacita (Cucurbita pepo L.) en el Valle de San Quintín, B. C. N. | ||
| 260 |
_aChapingo, Méx. : _bEl autor, _c1986 |
||
| 300 |
_a80 h. _b: gráfs. |
||
| 502 | _aTesis (Ing. Agr. Esp. en Fitotecnia) -- UACH. Departamento de Fitotecnia | ||
| 590 |
_aALEPH _b10 _c20130110 _lUCH01 _h1332 |
||
| 590 |
_aBATCH-UPD _b10 _c20130110 _lUCH01 _h0725 |
||
| 590 |
_aCONVERSION _b10 _c20130109 _lUCH01 _h1329 |
||
| 650 | 1 | 4 |
_aAbonos _xEfecto en calabaza. _9243 |
| 650 | 1 | 4 |
_aCalabaza _xRendimiento. _917294 |
| 650 | 1 | 4 |
_aFertilizantes _xEfecto en calabaza. _940485 |
| 901 | _aBK | ||
| 942 | _cFOLL | ||
| 949 |
_bBC _cTES _d-128843 _eTS1 _h18812 _i59597 _si |
||
| 949 |
_bBC _cTES _d33724000947982 _eTS2 _fc.2 _h18813 _i59597 _si |
||
| 999 |
_c54473 _d54473 |
||